Les Llàgrimes amargues de Petra von Kant / de R. W. Fassbinder ; traducció de Jaume Melendres ; revisada per Feliu Formosa
Descripción Física:
66 p. ; 18 cm
Colección:
Biblioteca teatral ; 26
MARC
| LEADER | 00000nam a2200000Ia 4500 | ||
|---|---|---|---|
| 001 | 2109 | ||
| 008 | 160829s1984 xx 000 0 cat d | ||
| 080 | |a L-1-215 | ||
| 100 | |a Fassbinder, Rainer Werner |9 35604 | ||
| 245 | |a Les Llàgrimes amargues de Petra von Kant / de R. W. Fassbinder ; traducció de Jaume Melendres ; revisada per Feliu Formosa | ||
| 260 | |a Barcelona : |b Institut del Teatre de la Diputació de Barcelona : |b Edicions del Mall, |c 1984 | ||
| 300 | |a 66 p. ; |c 18 cm | ||
| 490 | |a Biblioteca teatral ; 26 | ||
| 700 | |a Melendres, Jaume, |d 1941-2009 |e traductor |9 25255 | ||
| 700 | |a Formosa, Feliu, |d 1934- |e traductor |9 34955 | ||
| 710 | 1 | |a Institut del Teatre (Barcelona, Catalunya) |9 52662 | |
| 901 | |a Arxiu | ||
| 942 | |n 1 |2 udc | ||
| 952 | |0 0 |1 0 |4 0 |6 L1215 |7 1 |9 46985 |a Arxiu |b Arxiu |d 2016-12-01 |l 0 |o L-1-215 |p 2109 |r 2016-12-01 00:00:00 |w 2016-12-01 |y ARXIU | ||
| 999 | |c 50778 |d 50778 | ||